000 00245nam a2200109Ia 4500
008 190216s9999||||xx |||||||||||||| ||und||
100 _aIan Fleming
245 0 _aJames Bond Dr.No
260 _bPan Books London
650 _aEnglish
942 _cBK
999 _c12849
_d12849